| Tag |
First Indicator |
Second Indicator |
Subfields |
| LEADER |
00000cam a2200000 a 4500 |
| 001 |
in00000928421 |
| 005 |
20150925124957.0 |
| 008 |
870819s1986 rur 00011 eng |
| 010 |
|
|
|a 87104287
|
| 035 |
|
|
|a (OCoLC)16619173
|
| 035 |
|
|
|9 AES2149AM
|
| 040 |
|
|
|a DLC
|c DLC
|d UtOrBLW
|
| 041 |
1 |
|
|a eng
|a rus
|
| 049 |
|
|
|a TXAM
|
| 050 |
0 |
0 |
|a PG3488.T46
|b G7613 1986
|
| 082 |
0 |
|
|a 891.73/44
|2 19
|
| 100 |
1 |
|
|a Stepanov, Viktor.
|
| 240 |
1 |
0 |
|a Gromoverzht͡sy.
|l English
|
| 245 |
1 |
4 |
|a The thunderers /
|c Victor Stepanov ; [translated from the Russian].
|
| 264 |
|
1 |
|a Moscow :
|b Progress Publishers,
|c [1986]
|
| 264 |
|
4 |
|c ©1986
|
| 300 |
|
|
|a 270 pages ;
|c 20 cm.
|
| 336 |
|
|
|a text
|b txt
|2 rdacontent
|
| 337 |
|
|
|a unmediated
|b n
|2 rdamedia
|
| 338 |
|
|
|a volume
|b nc
|2 rdacarrier
|
| 500 |
|
|
|a Translation of: Gromoverzht︠s︡y.
|
| 650 |
|
0 |
|a Submarine warfare
|x Fiction.
|
| 999 |
|
|
|a MARS
|
| 999 |
f |
f |
|s 55ecf084-61fb-38cf-969d-99d79edb89db
|i e74e4695-3953-3967-bd7e-ce854acefa1a
|t 0
|
| 952 |
f |
f |
|p ric
|a Texas A&M University
|b Rellis Campus
|c Joint Library Facility
|s JLF
|d Remote Storage
|t 0
|e PG3488.T46 G7613 1986
|h Library of Congress classification
|i unmediated -- volume
|m A14814429069
|
| 998 |
f |
f |
|a PG3488.T46 G7613 1986
|t 0
|l Remote Storage
|